| 000 | 01327nam a22002897a 4500 | ||
|---|---|---|---|
| 003 | OSt | ||
| 005 | 20210305152449.0 | ||
| 008 | 210223s2014 ck ||||fr|||| 00| 0 spa d | ||
| 020 | _a9789585842601 | ||
| 040 |
_aCO-JMCR _cCO-JMCR |
||
| 041 | 0 | _aspa | |
| 082 | 0 | 4 |
_a323.1986 / _bC718c _223 |
| 110 | 1 |
_aColombia. _bMinisterio del Interior _93663 |
|
| 240 | 1 | 0 | _aLeyes, etc. |
| 245 | 1 | 0 |
_aCompendio legislación afrocolombiana : _bautos de la Corte Constitucional / _cColombia ; compilado por Alexandra Córdoba Monroy y Luis E. Prada P. |
| 260 |
_aBogotá : _bMinisterio del Interior, _c2008 |
||
| 300 |
_a727 páginas ; _c24 cm. |
||
| 500 | _aIncluye notas a pie de página. | ||
| 504 | _aBibliografía: páginas [799]-800 | ||
| 505 | 0 | _aConstitución política -- Espacios de participación -- Normatividad sobre territorio -- Normatividad sobre recursos naturales y mineros -- Normatividad sobre educación -- Declaraciones, pactos y convenios internacionales -- Extractos de jurisprudencia -- Autos y sentencias | |
| 650 | 1 | 4 |
_aAfrocolombianos _xlegislación _zColombia _913799 |
| 650 | 2 | 4 |
_aDerechos humanos _zColombia _98250 |
| 650 | 2 | 4 |
_aDerechos de las minorías _zColombia _913800 |
| 700 | 1 |
_aCórdoba Monroy, Alexandra, _ecompiladora _913801 |
|
| 700 | 1 |
_aPrada P., Luis E, _ecompilador _913802 |
|
| 942 |
_2ddc _cBK |
||
| 999 |
_c7289 _d7289 |
||